000 00336nam a2200121Ia 4500
008 240731s9999 xx 000 0 und d
022 _a1607-8500
245 0 _aInternational Journal of Smart Engineering System Design
260 _bTaylor & Francis
856 _uhttps://www.tandfonline.com/loi/gses20
942 _2ddc
942 _cTFEJ
999 _c77239
_d77239
945 _a1
_bMadushi Gamage
_c1
_dMadushi Gamage